Equal opportunity in business

Bibliographic Details
Corporate Author: Harvard College
Format: Book
Language:English
Published: (S.1) : Harvard College 1975
Series:A Harvard Business Review Reprint Series
Subjects:

MARC

LEADER 00000cam a2200000 7i4500
001 0000000910
005 20240919.0
008 991124 -us eng
040 |a INS   |b eng   |e rda 
090 0 0 |a HF5006   |b H37 1975 
245 0 0 |a Equal opportunity in business   |c Harvard College 
264 1 |a (S.1) :   |b Harvard College   |c 1975 
300 |a 168 pages ;   |c 28 cm. 
336 |a text  |2 rdacontent 
337 |a unmediated  |2 rdamedia 
338 |a volume  |2 rdacarrier 
490 0 |a A Harvard Business Review Reprint Series 
650 0 |a Competition 
650 0 |a Women in business 
710 2 |a Harvard College 
999 |a 0000001363   |b BOOK   |c Open Shelf   |e Default branch 
999 |a 0000003353   |b BOOK   |c Open Shelf   |e Default branch